00459nam a2200193 a 4500001001300000003000900013005001700022008004100039020001100080082001600091100002000107245001700127260003100144300000900175500003500184505001000219650001600229700002000245nice12345678IN_TiNIC20260116011707.0050524s1959 luca grp 000 0 urd  ac2.2500a891.41bASA aAsar Lucknowi,  aNao Baharaan aLucknowbDanis Mahalc1959 a172p aincludes index and biblioraphy2 aNotes aUrdu-Poetry1 aAsar Lucknowi,